000
00352nam a2200133Ia 4500
008
230411s9999 xx 000 0 und d
041
_a
eng
082
_a
AD/610.7/SUD/B07596
100
_a
Sudha R
245
_a
Nursing Education : Principles and concepts
260
_b
Jaypee Brothers
_a
New Delhi
_c
2013
300
_a
424p
999
_c
157698
_d
157698